Eternal Frontier (Record no. 1787)

000 -LEADER
fixed length control field 00707nam a22002417a 4500
003 - CONTROL NUMBER IDENTIFIER
control field OSt
005 - DATE AND TIME OF LATEST TRANSACTION
control field 20210419085721.0
008 - FIXED-LENGTH DATA ELEMENTS--GENERAL INFORMATION
fixed length control field 210227s2004 ||||| |||| 00| 0 eng d
020 ## - INTERNATIONAL STANDARD BOOK NUMBER
International Standard Book Number 0743471903
040 ## - CATALOGING SOURCE
Original cataloging agency eng
Language of cataloging eng
Transcribing agency DLC
041 ## - LANGUAGE CODE
Language code of text/sound track or separate title eng
080 ## - UNIVERSAL DECIMAL CLASSIFICATION NUMBER
Universal Decimal Classification number 821.111
Item number S-34
100 ## - MAIN ENTRY--PERSONAL NAME
9 (RLIN) 594
Personal name Schmitz, H. James
245 ## - TITLE STATEMENT
Title Eternal Frontier
Statement of responsibility, etc. / by: Baen Publishing Enterprises
260 ## - PUBLICATION, DISTRIBUTION, ETC.
Place of publication, distribution, etc. Riverdale, New York
Name of publisher, distributor, etc. Baen Publishing Enterprises
Date of publication, distribution, etc. 2004
300 ## - PHYSICAL DESCRIPTION
Extent 729 p.
365 ## - TRADE PRICE
Price amount 7.99 usd
650 #0 - SUBJECT ADDED ENTRY--TOPICAL TERM
9 (RLIN) 247
Topical term or geographic name entry element English literature
653 ## - INDEX TERM--UNCONTROLLED
Uncontrolled term ინგლისური ლიტერატურა
700 ## - ADDED ENTRY--PERSONAL NAME
9 (RLIN) 1165
Personal name Flint, Eric
Relator term Editor
700 ## - ADDED ENTRY--PERSONAL NAME
9 (RLIN) 1166
Personal name Gordon, Guy
Relator term Editor
942 ## - ADDED ENTRY ELEMENTS (KOHA)
Source of classification or shelving scheme
Koha item type Books
Holdings
Withdrawn status Lost status Source of classification or shelving scheme Damaged status Not for loan Permanent location Current location Date acquired Inventory number Total Checkouts Full call number Barcode Date last seen Price effective from Koha item type
          Ken Walker International University Ken Walker International University 02/27/2021 1994   821.111 S-34 1994 02/27/2021 02/27/2021 Books

Powered by Koha